| 000 | 00584nam a2200193 a 4500 | ||
|---|---|---|---|
| 005 | 20140412111238.0 | ||
| 008 | 010605s19uu xx 00 eng d | ||
| 020 | _a0-689-71205-7 | ||
| 050 |
_aTR(PS E _bLo87 1988 |
||
| 100 | _aAruego, Jose | ||
| 245 |
_aLook what I can do / _cby Jose Aruego. |
||
| 250 | _a1st Aladdin Book Ed. | ||
| 260 |
_aNew York : _bAladdin Paperbacks, _c1988. |
||
| 300 | _a1v. (unp.) ; ill. | ||
| 520 | _aTwo carabaos discover that being copycat can lead to trouble. | ||
| 650 | _aWater buffalo-Fiction | ||
| 650 | _aBehavior-Fiction | ||
| 999 |
_c102588 _d102588 |
||